|
|
|
|
| LEADER |
01298nam a22003137a 4500 |
| 001 |
41430 |
| 003 |
BD-DhAAL |
| 005 |
20230615153203.0 |
| 008 |
230615t2020 si a|||| |||| 00| 0 eng d |
| 020 |
|
|
|a 9789811549502
|
| 040 |
|
|
|a BD-DhAAL
|d BD-DhAAL
|
| 082 |
|
|
|a 363.346
|2 23
|
| 100 |
|
|
|a Imon Chowdhooree, Shams M Ghani
|9 54707
|
| 245 |
|
|
|a External interventions for disaster risk reduction :
|b impacts on local communities /
|c edited by Imon Chowdhooree and Shams Monsoor Ghani.
|
| 260 |
|
|
|a Springer :
|b Singapore,
|c 2020.
|
| 300 |
|
|
|a xix, 296 pages :
|b illustrations ;
|c 23 cm.
|
| 504 |
|
|
|a Includes bibliographical references.
|
| 526 |
|
|
|a PPDM, ARC.
|
| 541 |
|
|
|a Development book agency
|e 41430
|
| 650 |
|
|
|a Natural disasters
|x Risk assessment
|v Handbooks, manuals, etc.
|9 54708
|
| 650 |
|
|
|a Climatic changes
|x Risk assessment.
|9 26137
|
| 650 |
|
|
|a Hazard mitigation
|v Handbooks, manuals, etc.
|9 54709
|
| 650 |
|
|
|a Emergency management.
|
| 700 |
|
|
|a Chowdhooree, Imon.
|9 54710
|
| 700 |
|
|
|a Ghani, Shams Monsoor.
|9 54711
|
| 852 |
|
|
|a Ayesha Abed Library
|c General Stacks
|
| 942 |
|
|
|2 ddc
|c BK
|
| 999 |
|
|
|c 44255
|d 44255
|
| 952 |
|
|
|0 0
|1 0
|2 ddc
|4 0
|6 363_346000000000000_EXT
|7 0
|9 73783
|a BRACUL
|b BRACUL
|c GEN
|d 2023-06-12
|e 24
|g 3360.00
|l 0
|o 363.346 EXT
|p 3010041430
|r 2023-06-12
|t 1
|v 3360.00
|w 2023-06-12
|y BK
|